Loading...
History - European History | 4 | 3 | 1 | 2 | 85 | 36 | 74.00 | 2 | 7 |
History - American History | 2 | 4 | 1 | 1 | 65 | 29 | 91.67 | 3 | 6 |
History - World History | 3 | 2 | 1 | 2 | 60 | 54 | 84.20 | 2 | 5 |
Social Science | 0 | 3 | 0 | 0 | 30 | 69 | 84.33 | 1 | 3 |
History - Ancient History | 1 | 2 | 1 | 0 | 30 | 38 | 74.67 | 2 | 3 |
Current Events | 1 | 1 | 0 | 0 | 25 | 45 | 74.50 | 2 | 2 |
Literature - American Literature | 0 | 2 | 0 | 1 | 20 | 143 | 143.00 | 0 | 2 |
Philosophy | 1 | 0 | 0 | 0 | 15 | 71 | 71.00 | 0 | 1 |
Literature - British Literature | 0 | 1 | 0 | 0 | 10 | 115 | 115.00 | 0 | 1 |
Literature - World Literature | 0 | 1 | 0 | 0 | 10 | 121 | 121.00 | 0 | 1 |
Mythology | 0 | 1 | 0 | 0 | 10 | 106 | 106.00 | 0 | 1 |
Fine Arts - Visual Fine Arts | 0 | 1 | 0 | 0 | 10 | 137 | 137.00 | 0 | 1 |